| Fine Arts - Auditory Fine Arts | 1 | 20.00 | 100% | 100% | 0% |
| History - Other History | 1 | 10.00 | 100% | 0% | 0% |
| History - World History | 1 | 10.00 | 100% | 0% | 0% |
| Literature - British Literature | 1 | 20.00 | 100% | 100% | 0% |
| Literature - World Literature | 1 | 0.00 | 0% | 0% | 0% |
| Religion | 1 | 10.00 | 100% | 0% | 0% |
| Science - Chemistry | 1 | 0.00 | 0% | 0% | 0% |
| Science - Other Science | 1 | 10.00 | 100% | 0% | 0% |
| Science - Physics | 1 | 20.00 | 100% | 100% | 0% |
| Current Events | 1 | 10.00 | 100% | 0% | 0% |
| Fine Arts - Auditory Fine Arts | 3 | 16.67 | 100% | 67% | 0% |
| Fine Arts - Other Fine Arts | 3 | 13.33 | 100% | 33% | 0% |
| Fine Arts - Visual Fine Arts | 4 | 15.00 | 100% | 50% | 0% |
| History - American History | 2 | 5.00 | 50% | 0% | 0% |
| History - European History | 3 | 6.67 | 67% | 0% | 0% |
| History - Other History | 3 | 6.67 | 67% | 0% | 0% |
| History - World History | 2 | 15.00 | 100% | 50% | 0% |
| Literature - American Literature | 2 | 15.00 | 50% | 100% | 0% |
| Literature - British Literature | 1 | 30.00 | 100% | 100% | 100% |
| Literature - European Literature | 2 | 20.00 | 100% | 100% | 0% |
| Literature - World Literature | 5 | 14.00 | 100% | 40% | 0% |
| Mythology | 1 | 10.00 | 0% | 0% | 100% |
| Philosophy | 3 | 6.67 | 67% | 0% | 0% |
| Pop Culture | 1 | 10.00 | 100% | 0% | 0% |
| Religion | 2 | 10.00 | 100% | 0% | 0% |
| Science - Biology | 3 | 3.33 | 33% | 0% | 0% |
| Science - Chemistry | 3 | 0.00 | 0% | 0% | 0% |
| Science - Other Science | 3 | 13.33 | 100% | 33% | 0% |
| Science - Physics | 3 | 10.00 | 67% | 33% | 0% |
| Social Science | 6 | 8.33 | 83% | 0% | 0% |